=LDR 00000nam 2200000 4500 =001 INLIS000000000027733 =005 20130612130103 =008 ***********************************Ind** =035 ##$$a0010-061300000027733 =041 ##$$a Ind =082 ##$$a F Rom K =090 ##$$a F Rom K, War b =100 ##$$a Wardana, Era =245 ##$$a Big boss grok grok, Bra wardana ; penyunting, Kak Rani Yuhanty =260 ##$$a 2006 $b Bandung =300 ##$$a 24 hlm, ilus, 15 cm =650 ##$$a Fiksi roman kanak-kanak =850 ##$$a NBPNMAT =990 ##$$a 0001/BPAP-NTB/20142014